000 01032nam a22002417a 4500
003 OSt
005 20250913133723.0
008 240213b ||||| |||| 00| 0 eng d
040 _c0
082 _aDPer 621.381 In821 April 2022 v. 37 n. 4
100 _aXu, Yang.
_eauthor.
_952250
245 _aThe modular current-fed high-frequency isolated matrix converters for wind energy conversion /
_cYang Xu, Zheng Wang, Pengcheng Liu, Qiang Wei, Fujin Deng, and Zhixiiang Zou.
260 _aNew York ;
_bThe Institute of Electrical and Electronics Engineers, Inc. ,
_cApril 2022.
300 _aVolume 37, pages 4779-4791 :
_billustration ;
_c28 cm.
500 _aIEEE Transaction on Power Electronics, vol. 37, no. 4, pages 4779-4791, April 2022.
700 _aXu, Yang.
_eauthor.
_952250
700 _aWang, Zheng.
_eauthor.
_952251
700 _aLiu, Pengcheng.
_eauthor.
_952252
700 _aWei, Qiang.
_eauthor.
_952253
700 _aDeng, Fujin.
_eauthor.
_952254
700 _aZou, Zhixiiang.
_eauthor.
_952255
942 _2ddc
_cPER
999 _c19120
_d19120